| 000 | 00000nam##2200000za#4500 |
| 001 | 9.528280 |
| 003 | CaOODSP |
| 005 | 20200331225245 |
| 007 | ta |
| 008 | 150406|1997||||xxc||||| f|0| 0 eng|d |
| 020 | |a0-662-62741-5 |
| 040 | |aCaOODSP|beng |
| 041 | |aeng |
| 041 | |afre |
| 043 | |an-cn--- |
| 086 | 1 |aSC94-62/18-1997 |
| 110 | 1 |aCanada.|bCanadian Centre for Management Development. |
| 245 | 10|aSpecial Operation Agencies : |bmarketing / |cby John Dingwall. |
| 260 | |aOttawa - Ontario : |bCanadian Centre for Management Development |c1997. |
| 300 | |aEnglish text, viii, 45p. : |breferences, tables ; |c28 cm. |
| 490 | 1 |aManagement practices|vNo. 18 |
| 546 | |aBilingual |
| 563 | |aSpiral binding |
| 590 | |a98-09|b1998-02-27 |
| 720 | 1 |aDingwall, John |
| 776 | 0#|tSpecial operating agencies : |w(CaOODSP)9.572892 |
| 776 | 0#|tOrganismes de service spéciaux : |w(CaOODSP)9.603139 |
| 792 | |tOrganismes de service spéciaux : |efre|w(CaOODSP)9.528281 |
| 830 | #0|aManagement practices ;|vNo. 18|w(CaOODSP)9.509636 |
| 986 | |aP71E |